| 000 | 02166nam0a2200433 4500 | ||
|---|---|---|---|
| 001 | RU\NLR\bibl\535621 | ||
| 005 | 20260406163630.0 | ||
| 010 |
_a5-8183-0134-6 _bв обл. |
||
| 021 |
_aRU _b2004-4322 _9223 |
||
| 035 | _aRSL-KNO-002405856 | ||
| 035 | _a(NLR Aleph) 000527899 | ||
| 090 |
_a1334386 _c1334386 |
||
| 100 | _a20040310d2003 |||y0rusy50 ca | ||
| 101 | 1 |
_arus _ceng |
|
| 102 | _aRU | ||
| 105 | _aa ||||||||| | ||
| 106 | _ar | ||
| 200 | 1 |
_aШокирующая правда о воде и соли _fПоль С. Брэгг, Патриция Брэгг _g[Пер. с англ. В. Егорова] |
|
| 210 |
_aМ. _cГРАНД _cФАИР-ПРЕСС _d2003 _eОАО Можайский полигр. комб. |
||
| 215 |
_a284, [2] с. _cил. _d20 |
||
| 225 | 1 | _aБиблиотека здоровья | |
| 327 | 1 | _aСодерж.: Шокирующая правда о воде / Поль С. Брэгг. Соль здоровья - в кислой капусте без соли! / Поль С. Брэгг, Патриция Брэгг | |
| 464 | 0 |
_12001#$aШокирующая правда о воде$fПоль С. Брэгг _tШокирующая правда о воде |
|
| 464 | 0 |
_12001#$aСоль здоровья - в кислой капусте без соли!$fПоль С. Брэгг, Патриция Брэгг _tСоль здоровья - в кислой капусте без соли! |
|
| 606 | 0 |
_aКапуста _xКвашение _91010710 _3RU\NLR\auth\66384717 |
|
| 606 | 0 |
_aПитьевая вода _xВлияние на организм _92162531 _3RU\NLR\auth\661301346 |
|
| 606 | 0 |
_aПоваренная соль _xВлияние на организм _92162529 _3RU\NLR\auth\661301345 |
|
| 686 |
_aР120.135я9 _2rubbk |
||
| 686 | _aЛ912.205 | ||
| 686 | _aР123.025 | ||
| 686 | _aР123.026 | ||
| 700 | 1 |
_4070 _8rus _7ca _aБрэгг _bП. С. _f1881-1976 _gПоль С. _3RU\NLR\AUTH\7710278 _9120057 |
|
| 701 | 1 |
_aБрэгг _bП. _gПатриция _4070 |
|
| 801 | 0 |
_aRU _bRuMoRKP _c20040310 _gPSBO |
|
| 801 | 1 |
_aRU _bRuMoRKP _c20040310 |
|
| 801 | 2 |
_aRU _bNLR _c20040702 _gPSBO |
|
| 942 | _cBOOK | ||
| 980 | _aNB | ||